000 00541nam a2200193Ia 4500
005 20250508150417.0
008 008 250505s9999 xx 000 0 eng d
037 _aTextual
040 _aFEDL
_beng
_cFEDL
041 _aeng
_2eng
084 _a157, CUL
_qFEDL
100 _aCulpin Millais
_9756629
245 0 _aMental abnormality: Facts and theories
260 _aLondon, UK
_bHutchinson's University Library
300 _a196p
650 _aAbnormal psychology
942 _cTEXL
_h157, CUL
999 _c1323502
_d1323502